La Verema / per Manuel Raventós
Descripción Física:
257 p. : il., 1 f. pleg. ; 24 cm
Materias:
Viticultura
MARC
| LEADER | 00000nam a2200000Ia 4500 | ||
|---|---|---|---|
| 001 | 11201 | ||
| 008 | 160829s1911 xx 000 0 cat d | ||
| 080 | |a C-1-249 | ||
| 100 | |a Raventós i Domènech, Manuel |9 25383 | ||
| 245 | |a La Verema / per Manuel Raventós | ||
| 260 | |a Barcelona : |b [l'autor] (Oliva, imp.), |c 1911 | ||
| 300 | |a 257 p. : |b il., 1 f. pleg. ; |c 24 cm | ||
| 650 | 0 | |a Viticultura |9 20101 | |
| 901 | |a Arxiu | ||
| 942 | |n 1 | ||
| 952 | |0 0 |1 0 |4 0 |6 C1249 |7 1 |9 43589 |a Arxiu |b Arxiu |d 2016-12-01 |l 0 |o C-1-249 |p 11201 |r 2016-12-01 00:00:00 |w 2016-12-01 |y ARXIU | ||
| 999 | |c 46137 |d 46137 | ||